[Event "SportAccord World Mind Games (Women, Blitz)"]
[Site "Beijing CHN"]
[Date "2013.12.15"]
[EventDate "2013.12.14"]
[Round "13.2"]
[Result "1/2-1/2"]
[White "Marie Sebag"]
[Black "Zhao Xue"]
[WhiteElo "2501"]
[BlackElo "2568"]
[PlyCount "67"]

1. e4 e5 2. Nf3 Nc6 3. Bb5 a6 4. Ba4 Nge7 5. c3 g6 6. d4 exd4
7. cxd4 b5 8. Bb3 Bg7 9. d5 Na5 10. Bd2 c5 11. d6 Nec6 12. Bc3
O-O 13. O-O Nxb3 14. Qxb3 Bb7 15. Bxg7 Kxg7 16. Qc3+ Qf6
17. e5 Qe6 18. Qxc5 Rae8 19. Re1 f6 20. exf6+ Qxf6 21. Nc3 Na5
22. Re7+ Rxe7 23. dxe7 Re8 24. Re1 Bxf3 25. gxf3 Nc6 26. Nd5
Qxf3 27. Re3 Qd1+ 28. Kg2 Qg4+ 29. Kf1 Qd1+ 30. Kg2 Qg4+
31. Kh1 Qd1+ 32. Kg2 Qg4+ 33. Kh1 Qd1+ 34. Kg2 1/2-1/2

[Event "SportAccord World Mind Games (Women, Blitz)"]
[Site "Beijing CHN"]
[Date "2013.12.15"]
[EventDate "2013.12.14"]
[Round "14.8"]
[Result "0-1"]
[White "Tatiana Kosintseva"]
[Black "Marie Sebag"]
[WhiteElo "2496"]
[BlackElo "2501"]
[PlyCount "76"]

1. e4 c5 2. Nf3 d6 3. d4 cxd4 4. Nxd4 Nf6 5. Nc3 a6 6. Be3 e5
7. Nf3 Qc7 8. a4 h6 9. a5 Be6 10. Be2 Nbd7 11. O-O Be7 12. Nd5
Bxd5 13. exd5 O-O 14. c4 Ng4 15. Bd2 f5 16. b4 Ngf6 17. Rc1
Ne4 18. Be1 Ng5 19. Nxg5 Bxg5 20. Rc2 e4 21. c5 dxc5 22. bxc5
Ne5 23. Bc3 Rae8 24. Bh5 g6 25. Bxe5 Rxe5 26. Bxg6 Qg7 27. Bh5
f4 28. Bg4 f3 29. g3 Bf6 30. Be6+ Kh8 31. Kh1 h5 32. c6 bxc6
33. Rxc6 h4 34. Qc1 hxg3 35. fxg3 Bg5 36. Qc3 e3 37. Rc7 e2
38. Rb1 f2 0-1

[Event "SportAccord World Mind Games (Women, Blitz)"]
[Site "Beijing CHN"]
[Date "2013.12.15"]
[EventDate "2013.12.14"]
[Round "15.1"]
[Result "1-0"]
[White "Marie Sebag"]
[Black "Kateryna Lahno"]
[WhiteElo "2501"]
[BlackElo "2543"]
[PlyCount "71"]

1. e4 e6 2. d4 d5 3. Nd2 c5 4. exd5 Qxd5 5. Ngf3 cxd4 6. Bc4
Qd7 7. O-O Nc6 8. Nb3 Nf6 9. Nbxd4 Nxd4 10. Nxd4 a6 11. Re1
Be7 12. c3 Qc7 13. Qe2 O-O 14. Bg5 Re8 15. Rad1 Bd7 16. h3
Rad8 17. Bh4 Bc8 18. Bg3 Qc5 19. Bb3 b5 20. a4 Bd7 21. axb5
axb5 22. Nf3 Bc6 23. Ne5 Bd5 24. Bc2 Rc8 25. Bd3 Rb8 26. Ng4
Rb7 27. Be5 Nxg4 28. Qxg4 Bf8 29. Bd4 Qc6 30. Qh5 h6 31. Qg4
b4 32. c4 Bxg2 33. Qxg2 Qd7 34. Be4 Rbb8 35. Bxg7 Qxd1
36. Bf6+ 1-0

[Event "SportAccord World Mind Games (Women, Blitz)"]
[Site "Beijing CHN"]
[Date "2013.12.15"]
[EventDate "2013.12.14"]
[Round "17.2"]
[Result "1-0"]
[White "Marie Sebag"]
[Black "Koneru Humpy"]
[WhiteElo "2501"]
[BlackElo "2607"]
[PlyCount "79"]

1. e4 c5 2. Nf3 e6 3. c3 d5 4. exd5 Qxd5 5. d4 Nf6 6. a3 cxd4
7. cxd4 Be7 8. Nc3 Qd8 9. Be3 O-O 10. Bd3 b6 11. O-O Bb7
12. Qe2 Nbd7 13. Rad1 Nd5 14. Bb1 Rc8 15. Ne4 N7f6 16. Ng3 Rc7
17. Ne5 Qa8 18. Bg5 h6 19. Bd2 a5 20. Rfe1 Qc8 21. Nh5 Rd8
22. Nxf6+ Nxf6 23. Bf4 Bd6 24. h3 Nd5 25. Bg3 Re8 26. Qd3 f5
27. Ba2 Qd8 28. Qe2 Nf6 29. Bh4 Kh7 30. Nc4 Ba6 31. b3 Be7
32. Qxe6 Bc8 33. Qxb6 f4 34. Bb1+ Kh8 35. Bg6 Rf8 36. Ne5 Nd5
37. Bxe7 Qxe7 38. Qxa5 Qd6 39. Be4 Bb7 40. Ng6+ 1-0

[Event "SportAccord World Mind Games (Women, Blitz)"]
[Site "Beijing CHN"]
[Date "2013.12.15"]
[EventDate "2013.12.14"]
[Round "18.7"]
[Result "1-0"]
[White "Yifan Hou"]
[Black "Marie Sebag"]
[WhiteElo "2629"]
[BlackElo "2501"]
[PlyCount "67"]

1. e4 c5 2. Nf3 d6 3. d4 Nf6 4. Nc3 cxd4 5. Nxd4 a6 6. Be3 e5
7. Nb3 Be6 8. f3 Be7 9. Qd2 O-O 10. O-O-O a5 11. a4 Nc6 12. g4
Nb4 13. g5 Nh5 14. Bb5 Qc7 15. Kb1 Rac8 16. Qf2 Nf4 17. h4 d5
18. Bxf4 exf4 19. exd5 Bf5 20. Rd2 Bd6 21. Nd4 Bc5 22. d6 Qb6
23. d7 Nxc2 24. Nxf5 Bxf2 25. dxc8=Q Rxc8 26. Ne7+ Kf8
27. Nxc8 Na3+ 28. bxa3 Qc7 29. Rxf2 Qxc3 30. Rc1 Qb3+ 31. Rb2
Qxf3 32. Nd6 g6 33. Bc4 Qe3 34. Rxb7 1-0

[Event "SportAccord World Mind Games (Women, Blitz)"]
[Site "Beijing CHN"]
[Date "2013.12.15"]
[EventDate "2013.12.14"]
[Round "19.3"]
[Result "0-1"]
[White "Marie Sebag"]
[Black "Viktorija Cmilyte"]
[WhiteElo "2501"]
[BlackElo "2514"]
[PlyCount "44"]

1. e4 c5 2. Nf3 d6 3. d4 Nf6 4. Nc3 cxd4 5. Nxd4 g6 6. Be2 Bg7
7. O-O O-O 8. Re1 Nc6 9. Nb3 b6 10. Bf1 Bb7 11. Bg5 h6 12. Be3
Qd7 13. h3 Rac8 14. Qd2 Ne5 15. Bxh6 Nc4 16. Bxc4 Rxc4
17. Bxg7 Kxg7 18. Qd3 Rfc8 19. Rad1 Qe6 20. Nd4 Qe5 21. Nf3
Qf4 22. g3 Qh6 0-1

[Event "SportAccord World Mind Games (Women, Blitz)"]
[Site "Beijing CHN"]
[Date "2013.12.16"]
[EventDate "2013.12.14"]
[Round "21.4"]
[Result "0-1"]
[White "Marie Sebag"]
[Black "Alexandra Kosteniuk"]
[WhiteElo "2501"]
[BlackElo "2527"]
[PlyCount "72"]

1. e4 c5 2. Nf3 Nc6 3. Bb5 Nf6 4. Nc3 g6 5. e5 Ng4 6. Bxc6
dxc6 7. Qe2 Nh6 8. d3 Bg4 9. Ne4 Bxf3 10. Qxf3 Nf5 11. O-O Nd4
12. Qd1 b6 13. Bg5 Bg7 14. Nd6+ Kf8 15. Ne4 Ne6 16. Re1 Bxe5
17. Bh6+ Bg7 18. Qd2 Qd5 19. h3 Rd8 20. Rab1 Qh5 21. Be3 h6
22. b4 c4 23. Ng3 Qd5 24. Rbd1 c3 25. Qe2 Kg8 26. a3 Kh7
27. Ne4 f5 28. Ng3 f4 29. Bc1 Nd4 30. Qxe7 Rd7 31. Qh4 fxg3
32. Re7 Nf5 33. Rxd7 Qxd7 34. Qf4 gxf2+ 35. Kf1 Rf8 36. d4 Qd5
0-1

[Event "SportAccord World Mind Games (Women, Blitz)"]
[Site "Beijing CHN"]
[Date "2013.12.16"]
[EventDate "2013.12.14"]
[Round "24.4"]
[Result "1-0"]
[White "Pia Cramling"]
[Black "Marie Sebag"]
[WhiteElo "2525"]
[BlackElo "2501"]
[PlyCount "123"]

1. d4 d5 2. Nf3 Nf6 3. c4 c6 4. Nc3 e6 5. Bg5 h6 6. Bxf6 Qxf6
7. Qc2 dxc4 8. e3 b5 9. a4 Bb4 10. axb5 cxb5 11. Qe4 O-O
12. Qxa8 Bd7 13. Qe4 Bc6 14. Qf4 Qe7 15. Be2 f5 16. Ne5 Bd6
17. h4 b4 18. Nxc6 Nxc6 19. Qf3 bxc3 20. Qxc6 cxb2 21. Rb1
Bb4+ 22. Kd1 c3 23. Bc4 Rf6 24. Kc2 Kh7 25. Qb5 a5 26. h5 Qd6
27. Rh3 f4 28. Bd3+ Kg8 29. Rf3 Kf8 30. Bg6 Kg8 31. Rxf4 Rxf4
32. exf4 Qxf4 33. Qe8+ Bf8 34. Qf7+ Qxf7 35. Bxf7+ Kxf7
36. Kxc3 Kf6 37. Rxb2 Kg5 38. Rb5+ Kf4 39. Rxa5 Be7 40. Kd3
Bf6 41. Ra6 Kf5 42. g3 Be7 43. f3 Bd8 44. Ke3 Bg5+ 45. f4 Bf6
46. Kd3 Bd8 47. Rc6 Bf6 48. Rc7 Kg4 49. Rc6 Kxg3 50. Ke4 Kg4
51. Rxe6 Kxh5 52. d5 Kg4 53. d6 Bd8 54. Re8 Ba5 55. d7 h5
56. Rg8 h4 57. Rxg7+ Kh3 58. Rg5 Bc7 59. Rc5 Bb6 60. Rc6 Ba5
61. Rc8 Kg2 62. d8=Q 1-0

[Event "SportAccord World Mind Games (Women, Blitz)"]
[Site "Beijing CHN"]
[Date "2013.12.16"]
[EventDate "2013.12.14"]
[Round "25.6"]
[Result "1-0"]
[White "Marie Sebag"]
[Black "Ju Wenjun"]
[WhiteElo "2501"]
[BlackElo "2514"]
[PlyCount "93"]

1. e4 d6 2. d4 g6 3. Nc3 Bg7 4. Be3 Nf6 5. h3 c6 6. Bd3 b5
7. Nf3 Bb7 8. Qd2 Qc7 9. a4 b4 10. Ne2 a5 11. Ng3 Nbd7 12. O-O
O-O 13. c3 c5 14. cxb4 axb4 15. Rfc1 Qb6 16. Bb5 Rfd8 17. d5
e6 18. dxe6 fxe6 19. Bh6 Nf8 20. Bxg7 Kxg7 21. Qe3 Ra7 22. e5
Nd5 23. Qg5 Qc7 24. exd6 Qxd6 25. Rxc5 Qxc5 26. Qxd8 Ra8
27. Qg5 Qe7 28. Qd2 Rc8 29. Re1 Qf6 30. Nd4 Nf4 31. Ne4 Bxe4
32. Rxe4 e5 33. Ne2 Nxe2+ 34. Qxe2 Rc1+ 35. Kh2 Ne6 36. Rxe5
Nd4 37. Re7+ Kh6 38. Qe3+ g5 39. Re4 Rd1 40. h4 Kg6 41. Be8+
Kg7 42. hxg5 Qd6+ 43. f4 Qd5 44. Re7+ Kf8 45. Bf7 Qd6 46. Ra7
Rf1 47. Qe8+ 1-0

[Event "SportAccord World Mind Games (Women, Blitz)"]
[Site "Beijing CHN"]
[Date "2013.12.16"]
[EventDate "2013.12.14"]
[Round "26.3"]
[Result "0-1"]
[White "Elisabeth Paehtz"]
[Black "Marie Sebag"]
[WhiteElo "2452"]
[BlackElo "2501"]
[PlyCount "44"]

1. b3 d5 2. Bb2 c6 3. e3 Nf6 4. f4 g6 5. Nf3 Bg7 6. g3 O-O
7. Bg2 Bg4 8. h3 Bxf3 9. Qxf3 Nbd7 10. d3 Re8 11. Nd2 e5
12. O-O-O a5 13. g4 a4 14. f5 axb3 15. axb3 Ra2 16. e4 Bh6
17. h4 Bf4 18. g5 Nh5 19. exd5 Qa8 20. Kb1 Qa7 21. Nc4 Ra8
22. dxc6 Ra1+ 0-1

[Event "SportAccord World Mind Games (Women, Blitz)"]
[Site "Beijing CHN"]
[Date "2013.12.16"]
[EventDate "2013.12.14"]
[Round "27.7"]
[Result "0-1"]
[White "Marie Sebag"]
[Black "Valentina Gunina"]
[WhiteElo "2501"]
[BlackElo "2509"]
[PlyCount "82"]

1. e4 c6 2. d4 d5 3. e5 Bf5 4. Nf3 e6 5. Be2 Ne7 6. O-O c5
7. Be3 Nec6 8. c3 Nd7 9. Bd3 Bg4 10. h3 Bh5 11. Nbd2 Be7
12. Re1 Qb6 13. Rb1 cxd4 14. cxd4 Nb4 15. Be2 Bg6 16. Rc1 Nxa2
17. Ra1 Nb4 18. Rc1 O-O 19. Nf1 Nb8 20. h4 N8c6 21. Ng3 h6
22. h5 Bh7 23. Qd2 Na2 24. Ra1 Bb4 25. Qd1 Bxe1 26. Qxe1 Nab4
27. Qd2 f6 28. Bxh6 gxh6 29. Qxh6 Qd8 30. Ra3 Qe7 31. Nh2 Qg7
32. Qd2 Kh8 33. h6 Qe7 34. Nh5 fxe5 35. Rg3 Nxd4 36. Rg7 Qh4
37. g3 Qe4 38. Bd1 Nd3 39. Qg5 Qe1+ 40. Kg2 Qxf2+ 41. Kh3 Qf5+
0-1

[Event "SportAccord World Mind Games (Women, Blitz)"]
[Site "Beijing CHN"]
[Date "2013.12.16"]
[EventDate "2013.12.14"]
[Round "28.2"]
[Result "1-0"]
[White "Zhao Xue"]
[Black "Marie Sebag"]
[WhiteElo "2568"]
[BlackElo "2501"]
[PlyCount "75"]

1. Nf3 d5 2. c4 c6 3. e3 Nf6 4. b3 e6 5. Bb2 Nbd7 6. d4 Bd6
7. Bd3 O-O 8. O-O Qe7 9. Ne5 c5 10. Nd2 b6 11. Qf3 Bb7 12. Qh3
h6 13. cxd5 Nxd5 14. Ndc4 Nxe5 15. dxe5 Bc7 16. Qg4 Rad8
17. Rad1 Qg5 18. Qe4 g6 19. f4 Qe7 20. Qf3 b5 21. Nd6 Bxd6
22. exd6 Rxd6 23. Qg3 f6 24. Bxg6 Rfd8 25. e4 Nb4 26. Rxd6
Rxd6 27. e5 Rd2 28. exf6 Qc7 29. Be4+ Kf8 30. Bxb7 Rxb2
31. Be4 Rxa2 32. Qh4 Ke8 33. Bg6+ Kd7 34. f7 Qd6 35. Qf6 Qd2
36. Be4 Qe3+ 37. Kh1 Qxe4 38. Qg7 1-0

[Event "SportAccord World Mind Games (Women, Blitz)"]
[Site "Beijing CHN"]
[Date "2013.12.16"]
[EventDate "2013.12.14"]
[Round "29.8"]
[Result "1/2-1/2"]
[White "Marie Sebag"]
[Black "Tatiana Kosintseva"]
[WhiteElo "2501"]
[BlackElo "2496"]
[PlyCount "162"]

1. e4 c5 2. Nf3 d6 3. d4 cxd4 4. Qxd4 a6 5. h3 Nc6 6. Qe3 Nf6
7. c4 g6 8. Nc3 Bg7 9. Be2 O-O 10. O-O b6 11. Rb1 Bb7 12. b3
Nd7 13. Bb2 Nc5 14. Rfd1 e6 15. Ba1 Qc7 16. Qf4 Ne5 17. Qe3
Rfd8 18. Nd4 Nc6 19. Nf3 Rab8 20. Bf1 Ba8 21. b4 Nd7 22. a3
Nce5 23. Rbc1 Nxf3+ 24. Qxf3 Ne5 25. Qe3 Qe7 26. f4 Nc6
27. Ne2 Bxa1 28. Rxa1 e5 29. f5 gxf5 30. exf5 Qf6 31. Qf2 Kh8
32. Rd2 e4 33. Rad1 Ne5 34. Ng3 b5 35. cxb5 axb5 36. Qf4 d5
37. Nxe4 Nf3+ 38. Qxf3 dxe4 39. Rxd8+ Rxd8 40. Rxd8+ Qxd8
41. Qc3+ f6 42. Qe3 Qd5 43. Qc5 Qd8 44. Bxb5 Kg7 45. Bf1 Kh6
46. Qe3+ Kg7 47. b5 Qa5 48. b6 Qxf5 49. a4 Qa5 50. Qd4 Bc6
51. b7 Qc7 52. a5 Bxb7 53. a6 Ba8 54. a7 Qc8 55. Qb6 Qe8
56. Bb5 Qe7 57. Qe3 Qb4 58. Bf1 Qd6 59. Be2 Qe5 60. Kf2 Qd6
61. g3 Qe6 62. h4 Qe5 63. h5 h6 64. Qb6 Qf5+ 65. Ke1 Qd5
66. Qc7+ Kf8 67. Qb8+ Ke7 68. Qc7+ Kf8 69. Qc8+ Ke7 70. Qh8
Qa5+ 71. Kf2 Qxa7+ 72. Kg2 Qe3 73. Qg7+ Kd6 74. Qxf6+ Kc7
75. Qe7+ Kb6 76. Qd6+ Bc6 77. Qb4+ Kc7 78. Qe7+ Kb6 79. Qb4+
Kc7 80. Qe7+ Kb6 81. Qb4+ Kc7 1/2-1/2

[Event "SportAccord World Mind Games (Women, Blitz)"]
[Site "Beijing CHN"]
[Date "2013.12.16"]
[EventDate "2013.12.14"]
[Round "30.1"]
[Result "1-0"]
[White "Kateryna Lahno"]
[Black "Marie Sebag"]
[WhiteElo "2543"]
[BlackElo "2501"]
[PlyCount "83"]

1. e4 c5 2. Nf3 d6 3. d4 cxd4 4. Nxd4 Nf6 5. Nc3 a6 6. Be2 e5
7. Nb3 Be7 8. O-O O-O 9. Re1 Qc7 10. Bf3 Nc6 11. Bg5 Be6
12. Bxf6 Bxf6 13. Nd5 Bxd5 14. Qxd5 Rfd8 15. c3 Ne7 16. Qd2
Ng6 17. g3 Qe7 18. a4 Qe6 19. Qc2 Qh3 20. Bg2 Qg4 21. Nd2 h5
22. Nf1 h4 23. Ne3 Qe6 24. Nd5 Rac8 25. Qe2 Ne7 26. Rad1 Nxd5
27. Rxd5 g6 28. Bf3 Rc6 29. Bg4 Qe7 30. Red1 Kg7 31. R1d3 hxg3
32. hxg3 Rh8 33. Qd1 Rd8 34. b4 Qc7 35. Qd2 Rc4 36. Rxd6 Rxd6
37. Rxd6 Rxc3 38. Qd5 Qc4 39. Rd7 Rc1+ 40. Kh2 Qf1 41. Qxf7+
Kh6 42. Qh7+ 1-0

[Event "SportAccord World Mind Games (Women, Basque)"]
[Site "Beijing CHN"]
[Date "2013.12.17"]
[EventDate "2013.12.17"]
[Round "1.1"]
[Result "1-0"]
[White "Elisabeth Paehtz"]
[Black "Marie Sebag"]
[WhiteElo "2452"]
[BlackElo "2501"]
[PlyCount "89"]

1. e4 c5 2. Nf3 d6 3. d4 cxd4 4. Nxd4 Nf6 5. Nc3 a6 6. Be3 e5
7. Nb3 Be7 8. f3 O-O 9. Qd2 Be6 10. O-O-O Nbd7 11. g4 b5
12. g5 b4 13. gxf6 bxc3 14. Qxc3 Nxf6 15. Na5 Qd7 16. Nc6 Rfc8
17. Nxe7+ Qxe7 18. Qa5 Qd7 19. Rg1 Qc6 20. Bd3 Bc4 21. Bxc4
Qxc4 22. Rg2 Rab8 23. b3 Qe6 24. Qxa6 Ne8 25. Qd3 Qh3 26. Qe2
Nc7 27. Kb2 Rd8 28. Rdg1 g6 29. Rg4 h5 30. Rg5 Qe6 31. c4 Kf8
32. R5g2 Ra8 33. Qd3 Na6 34. Bd2 Nc5 35. Qd5 Qd7 36. Bh6+ Ke7
37. Bg5+ Ke8 38. Bxd8 Rxd8 39. Rd2 Ne6 40. Qb5 Ke7 41. Qxd7+
Rxd7 42. Rd5 Nf4 43. Ra5 Ke6 44. Ra6 Rc7 45. Rd1 1-0

[Event "SportAccord World Mind Games (Women, Basque)"]
[Site "Beijing CHN"]
[Date "2013.12.17"]
[EventDate "2013.12.17"]
[Round "1.2"]
[Result "0-1"]
[White "Marie Sebag"]
[Black "Elisabeth Paehtz"]
[WhiteElo "2501"]
[BlackElo "2452"]
[PlyCount "96"]

1. e4 c5 2. Nf3 d6 3. d4 cxd4 4. Qxd4 a6 5. h3 Nc6 6. Qe3 g6
7. c4 Bg7 8. Nc3 Nf6 9. Be2 O-O 10. O-O Nd7 11. Rb1 a5 12. b3
Nc5 13. Bb2 a4 14. Nd5 Bxb2 15. Rxb2 axb3 16. axb3 e6 17. Nc3
Qf6 18. Rbb1 Nb4 19. Rfd1 e5 20. Nb5 Be6 21. Nxd6 b6 22. Nb5
Rad8 23. Nc7 Nc2 24. Qc1 Nd4 25. Nxd4 exd4 26. Nd5 Bxd5
27. exd5 Ne4 28. Rf1 Nc3 29. Rb2 b5 30. Bd3 b4 31. f4 Rfe8
32. Rbf2 Re3 33. Qd2 Ra8 34. Bb1 Ra3 35. f5 g5 36. Qb2 Rxb3
37. Qxb3 Ne2+ 38. Rxe2 Rxb3 39. c5 Re3 40. Ra2 d3 41. d6 Qd4
42. Kh1 Qd5 43. f6 Rxh3+ 44. Kg1 Qxc5+ 45. Rff2 Qc1+ 46. Rf1
Rh1+ 47. Kxh1 Qxf1+ 48. Kh2 Qxf6 0-1

[Event "SportAccord World Mind Games (Women, Basque)"]
[Site "Beijing CHN"]
[Date "2013.12.17"]
[EventDate "2013.12.17"]
[Round "2.1"]
[Result "1/2-1/2"]
[White "Marie Sebag"]
[Black "Kateryna Lahno"]
[WhiteElo "2501"]
[BlackElo "2543"]
[PlyCount "69"]

1. e4 e5 2. Nf3 Nc6 3. Bb5 a6 4. Ba4 d6 5. O-O Bd7 6. c3 g6
7. d4 Bg7 8. Re1 b5 9. Bb3 Nf6 10. dxe5 Nxe5 11. Nxe5 dxe5
12. Nd2 O-O 13. Nf3 Qe7 14. a4 h6 15. h3 Bc6 16. Bc2 bxa4
17. Nd2 Rfd8 18. Bxa4 Bxe4 19. Qe2 Bb7 20. Qxe5 Qxe5 21. Rxe5
Nd5 22. Re1 Nf4 23. Ne4 Nd3 24. Re3 f5 25. Rxd3 Bxe4 26. Rxd8+
Rxd8 27. Bf4 Rb8 28. f3 Bd5 29. Rd1 Bb3 30. Bxb3+ Rxb3
31. Rd8+ Kf7 32. Rd7+ Kg8 33. Rd8+ Kf7 34. Rd7+ Kg8 35. Rd8+
1/2-1/2

[Event "SportAccord World Mind Games (Women, Basque)"]
[Site "Beijing CHN"]
[Date "2013.12.17"]
[EventDate "2013.12.17"]
[Round "2.2"]
[Result "1-0"]
[White "Kateryna Lahno"]
[Black "Marie Sebag"]
[WhiteElo "2543"]
[BlackElo "2501"]
[PlyCount "77"]

1. e4 c5 2. Nf3 d6 3. d4 cxd4 4. Nxd4 Nf6 5. Nc3 a6 6. Be2 e5
7. Nb3 Be7 8. O-O O-O 9. Re1 Be6 10. Bf3 Qc7 11. a4 Nc6
12. Nd5 Bxd5 13. exd5 Na5 14. Nxa5 Qxa5 15. c4 Qc7 16. Be2 a5
17. Bf1 Nd7 18. Bd2 f5 19. b4 axb4 20. Bxb4 Bf6 21. a5 e4
22. Rb1 Be5 23. Qb3 Rf7 24. Bd2 Nc5 25. Qb6 Qe7 26. Be3 Bc3
27. Bxc5 dxc5 28. Red1 Bxa5 29. d6 Qe5 30. Qb5 e3 31. fxe3
Qxe3+ 32. Kh1 f4 33. d7 Qe7 34. Qxa5 Rxa5 35. d8=Q+ Qxd8
36. Rxd8+ Rf8 37. Rxf8+ Kxf8 38. Rxb7 Ra3 39. Rc7 1-0

[Event "SportAccord World Mind Games (Women, Basque)"]
[Site "Beijing CHN"]
[Date "2013.12.17"]
[EventDate "2013.12.17"]
[Round "3.1"]
[Result "1-0"]
[White "Marie Sebag"]
[Black "Koneru Humpy"]
[WhiteElo "2501"]
[BlackElo "2607"]
[PlyCount "69"]

1. e4 c5 2. Nf3 b6 3. d4 cxd4 4. Nxd4 Bb7 5. Nc3 a6 6. Be3 e6
7. Qd2 Qc7 8. O-O-O Bb4 9. f3 Nf6 10. Kb1 Bxc3 11. Qxc3 Qxc3
12. bxc3 d5 13. exd5 Nxd5 14. Bd2 O-O 15. c4 Nf6 16. Nb3 Nbd7
17. Be3 Rfc8 18. Be2 a5 19. Rd6 Ba6 20. Rhd1 a4 21. Rxd7 Nxd7
22. Rxd7 axb3 23. axb3 Rd8 24. Rxd8+ Rxd8 25. Bxb6 Rd2 26. Bd3
Rxg2 27. b4 Rxh2 28. b5 Bc8 29. c5 h5 30. c6 h4 31. Bc7 Rh1+
32. Kb2 h3 33. b6 h2 34. Bxh2 Rxh2 35. b7 1-0

[Event "SportAccord World Mind Games (Women, Basque)"]
[Site "Beijing CHN"]
[Date "2013.12.17"]
[EventDate "2013.12.17"]
[Round "3.2"]
[Result "1/2-1/2"]
[White "Koneru Humpy"]
[Black "Marie Sebag"]
[WhiteElo "2607"]
[BlackElo "2501"]
[PlyCount "142"]

1. d4 d5 2. c4 c6 3. Nf3 Nf6 4. e3 Bf5 5. Nc3 e6 6. Nh4 Be4
7. f3 Bg6 8. Qb3 Qc7 9. Bd2 Be7 10. g3 Nbd7 11. cxd5 Nxd5
12. Nxg6 hxg6 13. Nxd5 exd5 14. e4 Qb6 15. exd5 Qxb3 16. axb3
cxd5 17. Ra5 Nb6 18. Bb5+ Kf8 19. Kf2 f6 20. Bd3 Kf7 21. h4
Bd6 22. b4 a6 23. b5 Nc4 24. Bxc4 dxc4 25. Rha1 Rab8 26. bxa6
bxa6 27. Rxa6 Rxb2 28. Rxd6 Rxd2+ 29. Ke1 c3 30. Ra7+ Kg8
31. Rdd7 Kh7 32. Rxg7+ Kh6 33. Rge7 Rxd4 34. Rac7 g5 35. hxg5+
Kxg5 36. Rxc3 Rh2 37. Rc5+ Kg6 38. Re2 Rxe2+ 39. Kxe2 Ra4
40. g4 Ra3 41. Kf2 Ra4 42. Kg3 Rb4 43. Rc8 Rb3 44. Rg8+ Kf7
45. Ra8 Kg6 46. Ra4 Rc3 47. Kf4 Rc1 48. Rb4 Ra1 49. Rd4 Rb1
50. Ke4 Rb5 51. Kf4 Ra5 52. Rd3 Ra4+ 53. Kg3 Ra1 54. f4 Rg1+
55. Kh4 Rh1+ 56. Rh3 Ra1 57. f5+ Kg7 58. Rb3 Rh1+ 59. Kg3 Rg1+
60. Kf4 Rf1+ 61. Ke4 Rg1 62. Rb7+ Kh6 63. Kd5 Rxg4 64. Ke6 Ra4
65. Kxf6 Ra6+ 66. Ke5 Ra5+ 67. Ke6 Ra6+ 68. Ke7 Kg5 69. Rb5
Rf6 70. Ra5 Rxf5 71. Rxf5+ Kxf5 1/2-1/2

[Event "SportAccord World Mind Games (Women, Basque)"]
[Site "Beijing CHN"]
[Date "2013.12.18"]
[EventDate "2013.12.17"]
[Round "5.1"]
[Result "0-1"]
[White "Marie Sebag"]
[Black "Anna Muzychuk"]
[WhiteElo "2501"]
[BlackElo "2566"]
[PlyCount "134"]

1. e4 c5 2. Nf3 e6 3. c3 d5 4. exd5 Qxd5 5. d4 Nf6 6. a3 Nc6
7. Be3 Be7 8. Bd3 O-O 9. O-O b6 10. c4 Qh5 11. Nc3 Rd8 12. Ne2
cxd4 13. Nexd4 Bb7 14. Nxc6 Bxc6 15. Nd4 Bb7 16. Qxh5 Nxh5
17. Rfd1 Nf6 18. h3 Ne4 19. Be2 Nc5 20. b4 Na4 21. Bf3 Bxf3
22. Nxf3 Kf8 23. Ne5 Bf6 24. f4 Nb2 25. Rxd8+ Rxd8 26. c5 Nc4
27. Nxc4 Bxa1 28. cxb6 axb6 29. Nxb6 Rd3 30. Bc5+ Ke8 31. Kf1
Bd4 32. Bxd4 Rxd4 33. Ke2 Rxf4 34. Kd3 Kd8 35. Nc4 Kc7 36. a4
Kc6 37. g3 Rf1 38. Kd4 Rd1+ 39. Kc3 f6 40. Ne3 Ra1 41. Kb3 Rg1
42. Kc4 Rxg3 43. Nc2 e5 44. b5+ Kb6 45. Kb4 Rxh3 46. a5+ Kc7
47. Kc4 Rh1 48. b6+ Kb7 49. Nb4 Rh4+ 50. Kb5 Rxb4+ 51. Kxb4
Kc6 52. Kc4 h5 53. Kd3 f5 54. Ke3 g5 55. Kf3 h4 56. Kf2 g4
57. Kg2 h3+ 58. Kg3 e4 59. Kh2 e3 60. Kg3 e2 61. Kf2 h2 62. a6
e1=Q+ 63. Kxe1 h1=Q+ 64. Kd2 Kxb6 65. Ke3 Qf3+ 66. Kd4 Kxa6
67. Ke5 Qe4+ 0-1

[Event "Tradewise Gibraltar"]
[Site "Catalan Bay GIB"]
[Date "2014.01.28"]
[EventDate "2014.01.28"]
[Round "1.56"]
[Result "1/2-1/2"]
[White "Marie Sebag"]
[Black "Svetoslav Mihajlov"]
[WhiteElo "2501"]
[BlackElo "2111"]
[PlyCount "112"]

1. e4 e5 2. Nf3 Nc6 3. Bb5 a6 4. Ba4 Nf6 5. O-O b5 6. Bb3 Be7
7. Re1 d6 8. c3 O-O 9. h3 Bb7 10. d4 Qd7 11. Nbd2 Rae8 12. a3
Bd8 13. Bc2 Qc8 14. Nf1 exd4 15. cxd4 d5 16. e5 Ne4 17. Bxe4
dxe4 18. Rxe4 f6 19. Ng3 fxe5 20. dxe5 Na5 21. Rf4 Qe6 22. Be3
Nc4 23. Rxf8+ Rxf8 24. Bc5 Be7 25. Bxe7 Qxe7 26. Nh2 Qxe5
27. Ng4 Qxb2 28. a4 Ne5 29. Rb1 Qa2 30. Ra1 Qf7 31. Qd4 Nxg4
32. hxg4 Qf4 33. Qc5 Qd6 34. Qxd6 cxd6 35. axb5 axb5 36. Rb1
Bc6 37. Nf5 Be4 38. Rxb5 Bxf5 39. gxf5 Kf7 40. g4 Kf6 41. f4
h6 42. Rd5 Ke7 43. Kg2 g6 44. Kg3 gxf5 45. gxf5 Rg8+ 46. Kh4
Rf8 47. Kg4 Rd8 48. Kh4 Rc8 49. Kh5 Rc5 50. Rd4 Rxf5+ 51. Kxh6
Ke6 52. Kg6 Rf8 53. Re4+ Kd5 54. Ra4 Ke6 55. Re4+ Kd5 56. Ra4
Ke6 1/2-1/2

[Event "Tradewise Gibraltar"]
[Site "Catalan Bay GIB"]
[Date "2014.01.29"]
[EventDate "2014.01.28"]
[Round "2.62"]
[Result "0-1"]
[White "David Spence"]
[Black "Marie Sebag"]
[WhiteElo "2218"]
[BlackElo "2501"]
[PlyCount "81"]

1. e4 c5 2. c3 d5 3. exd5 Qxd5 4. d4 Nc6 5. Nf3 Bf5 6. dxc5
Qxd1+ 7. Kxd1 O-O-O+ 8. Ke1 Nf6 9. Bb5 e5 10. Be3 Nd5 11. Nbd2
f6 12. Nb3 Be7 13. Nfd2 Rd7 14. Nc4 Rhd8 15. Nd6+ Bxd6
16. cxd6 Rxd6 17. Bc5 R6d7 18. f3 Nf4 19. g3 Nd3+ 20. Bxd3
Rxd3 21. Kf2 b6 22. Be3 Be6 23. Rae1 Ne7 24. Nc1 R3d7 25. f4
Nd5 26. fxe5 fxe5 27. Bg5 Rf8+ 28. Kg2 h6 29. Rxe5 Nc7 30. Bf4
Bd5+ 31. Rxd5 Nxd5 32. Nd3 Nxf4+ 33. Nxf4 Rd2+ 34. Kh3 g5
35. Nh5 Rff2 36. Kg4 Rxh2 37. Rf1 Rhf2 38. Rh1 Rxb2 39. Ng7
Rh2 40. Rf1 Rbf2 41. Rd1 0-1

[Event "Tradewise Gibraltar"]
[Site "Catalan Bay GIB"]
[Date "2014.01.30"]
[EventDate "2014.01.28"]
[Round "3.41"]
[Result "1/2-1/2"]
[White "Marie Sebag"]
[Black "Stephan Buchal"]
[WhiteElo "2501"]
[BlackElo "2324"]
[PlyCount "68"]

1. e4 g6 2. d4 Bg7 3. Nc3 d6 4. Be3 a6 5. f4 b5 6. Nf3 Nd7
7. Bd3 c5 8. dxc5 Nxc5 9. Bxc5 dxc5 10. e5 Bb7 11. Qe2 Nh6
12. O-O-O Qa5 13. Kb1 O-O 14. Be4 Bxe4 15. Nxe4 Qb6 16. Rd7
Rfd8 17. Rhd1 Rxd7 18. Rxd7 Nf5 19. g4 Qc6 20. Rd1 Nh6 21. h3
Re8 22. Qe3 c4 23. Nd4 Qc8 24. Re1 Rd8 25. c3 f5 26. exf6 exf6
27. Ng3 f5 28. gxf5 Bxd4 29. cxd4 Nxf5 30. Nxf5 Qxf5+ 31. Ka1
Qd5 32. Rd1 b4 33. Qe7 a5 34. f5 Qd6 1/2-1/2

[Event "Tradewise Gibraltar"]
[Site "Catalan Bay GIB"]
[Date "2014.01.31"]
[EventDate "2014.01.28"]
[Round "4.38"]
[Result "0-1"]
[White "Alberto Quintin Navarro"]
[Black "Marie Sebag"]
[WhiteElo "2320"]
[BlackElo "2501"]
[PlyCount "88"]

1. e4 c5 2. Nf3 d6 3. d4 cxd4 4. Nxd4 Nf6 5. Nc3 a6 6. Be2 e5
7. Nb3 Be7 8. O-O O-O 9. Kh1 b6 10. f3 Bb7 11. Be3 Nbd7 12. a4
Rc8 13. Qd2 Qc7 14. Nc1 Rfd8 15. N1a2 d5 16. exd5 Nf8 17. Bd3
Nxd5 18. Nxd5 Rxd5 19. Nc3 Rdd8 20. Qf2 Bc5 21. Bf5 Bxe3
22. Qxe3 Qc5 23. Rfe1 Qxe3 24. Rxe3 Rc5 25. Rae1 f6 26. Rd3
Rd4 27. Ne4 Bxe4 28. Bxe4 Rxd3 29. Bxd3 a5 30. Kg1 Kf7 31. Kf2
g6 32. b3 Rc7 33. Bc4+ Ke7 34. Rd1 Ne6 35. Rd2 Ng7 36. Bd5 Nf5
37. c4 Nd4 38. Rd3 Kd6 39. f4 Kc5 40. g4 exf4 41. h4 Re7
42. g5 fxg5 43. hxg5 Re2+ 44. Kf1 Rh2 0-1